NASCAR Cup Champions - Statistics

General Stats
  • This quiz has been taken 24 times
  • The average score is 59 of 72
Answer Stats
Hint Answer % Correct
1994 Dale Earnhardt
100%
1993 Dale Earnhardt
100%
1991 Dale Earnhardt
100%
1990 Dale Earnhardt
100%
1987 Dale Earnhardt
100%
1986 Dale Earnhardt
100%
1980 Dale Earnhardt
100%
1959 Lee Petty
100%
1958 Lee Petty
100%
1954 Lee Petty
100%
1979 Richard Petty
100%
1975 Richard Petty
100%
1974 Richard Petty
100%
1972 Richard Petty
100%
1971 Richard Petty
100%
1967 Richard Petty
100%
1964 Richard Petty
100%
2016 Jimmie Johnson
95%
2013 Jimmie Johnson
95%
2010 Jimmie Johnson
95%
2009 Jimmie Johnson
95%
2008 Jimmie Johnson
95%
2007 Jimmie Johnson
95%
2006 Jimmie Johnson
95%
2001 Jeff Gordon
89%
1998 Jeff Gordon
89%
1997 Jeff Gordon
89%
1995 Jeff Gordon
89%
1989 Rusty Wallace
89%
2011 Tony Stewart
89%
2005 Tony Stewart
89%
2002 Tony Stewart
89%
2018 Joey Logano
84%
2014 Kevin Harvick
84%
2004 Kurt Busch
84%
2019 Kyle Busch
84%
2015 Kyle Busch
84%
1988 Bill Elliott
79%
2000 Bobby Labonte
79%
2020 Chase Elliott
79%
1969 David Pearson
79%
1968 David Pearson
79%
1966 David Pearson
79%
2003 Matt Kenseth
79%
1983 Bobby Allison
74%
1978 Cale Yarborough
74%
1977 Cale Yarborough
74%
1976 Cale Yarborough
74%
1999 Dale Jarrett
74%
1985 Darrell Waltrip
74%
1982 Darrell Waltrip
74%
1981 Darrell Waltrip
74%
2017 Martin Truex, Jr.
74%
1965 Ned Jarrett
74%
1961 Ned Jarrett
74%
1996 Terry Labonte
74%
1984 Terry Labonte
74%
1992 Alan Kulwicki
68%
2012 Brad Keselowski
68%
1949 Red Byron
63%
1955 Tim Flock
63%
1952 Tim Flock
63%
1973 Benny Parsons
58%
1957 Buck Baker
58%
1956 Buck Baker
58%
1970 Bobby Isaac
53%
1953 Herb Thomas
53%
1951 Herb Thomas
53%
1963 Joe Weatherly
47%
1962 Joe Weatherly
47%
1960 Rex White
47%
1950 Bill Rexford
42%
No matching quizzes found
Score Distribution
Percent of People with Each Score
Percentile by Number Answered
Your Score History
You have not taken this quiz